000 00753nam a22002057a 4500
003 0
005 20250423122125.0
008 250423b xxu||||| |||| 00| 0 eng d
020 _a9786210218954
050 _aKPM 940
_b.C63 2022
100 _aClaridades, Alvin T.
245 _aReal estate and homeownership:
_blaws, rules, and regulations
_cAlvin T. Claridades
260 _aQuezon City
_bCentral Book Supply, Inc.
_cc2022
300 _alx, 691 pages ;
_c24cm.
650 _aReal property—Law and legislation—Philippines.
650 _aHome ownership—Law and legislation—Philippines.
650 _aReal estate business—Law and legislation—Philippines.
650 _aHousing—Law and legislation—Philippines.
942 _2lcc
_cBK
999 _c367390
_d367390